[Event "26th Rilton Cup"]
[Site "Stockholm SWE"]
[Date "1997.01.03"]
[Round "7"]
[White "Abedinov, Adnan"]
[Black "Eklund, Mathias"]
[Result "1-0"]
[WhiteElo "2150"]
[BlackElo "2215"]
[EventDate "1996.12.27"]
[PlyCount "25"]

1.e4 e6 2.d4 d5 3.Nd2 Nf6 4.e5 Nfd7 5.Bd3 c5 6.c3 Nc6 7.Ne2 f6 8.Nf4 Qe7 
9.exf6 Qxf6 10.Qg4 Nde5 11.dxe5 Nxe5 12.Qg3 Qxf4 13.Bb5+ 1-0

[Event "26th Rilton Cup"]
[Site "Stockholm SWE"]
[Date "1997.01.03"]
[Round "7"]
[White "Aastroem, Goeran"]
[Black "Stefansson, Hannes Hlifar"]
[Result "0-1"]
[WhiteElo "2300"]
[BlackElo "2560"]
[EventDate "1996.12.27"]
[PlyCount "76"]

1.e4 c5 2.Nf3 d6 3.d4 cxd4 4.Nxd4 Nf6 5.Nc3 Nc6 6.Be2 e6 7.O-O Be7 8.Be3 
a6 9.f4 Qc7 10.a4 O-O 11.Kh1 Re8 12.Bf3 Rb8 13.Qd2 Bd7 14.Nb3 b6 15.g4 Bc8
16.g5 Nd7 17.Rad1 Bf8 18.Bg2 b5 19.axb5 axb5 20.Nd4 Nxd4 21.Bxd4 b4 22.Ne2
Bb7 23.Ng3 Nc5 24.b3 e5 25.Bb2 Ne6 26.fxe5 dxe5 27.Qd7 Rbc8 28.Rxf7 Rcd8 
29.Rxf8+ Kxf8 30.Rf1+ Kg8 31.Qb5 Nf4 32.Qxb4 Qxc2 33.Qc4+ Qxc4 34.bxc4 Rd2
35.Bc1 Rxg2 36.Bxf4 exf4 37.Kxg2 fxg3 38.Kxg3 Rxe4 0-1

[Event "26th Rilton Cup"]
[Site "Stockholm SWE"]
[Date "1997.01.03"]
[Round "7"]
[White "Elsness, Frode"]
[Black "Aakesson, Ralf"]
[Result "1-0"]
[WhiteElo "2350"]
[BlackElo "2500"]
[EventDate "1996.12.27"]
[PlyCount "87"]

1.d4 Nf6 2.c4 e6 3.Nf3 b6 4.Nc3 Bb7 5.Bf4 Bb4 6.Qb3 a5 7.e3 Ne4 8.Be2 d6 
9.O-O Bxc3 10.bxc3 Nd7 11.Rad1 g5 12.Bg3 h5 13.h4 Qe7 14.c5 g4 15.Nd2 Nxg3
16.fxg3 dxc5 17.Bd3 f5 18.e4 O-O-O 19.exf5 exf5 20.Bxf5 Kb8 21.Nc4 cxd4 
22.cxd4 Nc5 23.dxc5 Qxc5+ 24.Ne3 Rxd1 25.Rxd1 Re8 26.Re1 Rxe3 27.Qxe3 Qxf5
28.Qe5 Qc2 29.Re2 Qc5+ 30.Rf2 Qd5 31.Qxd5 Bxd5 32.a3 b5 33.Rf5 c6 34.Kf2 
b4 35.axb4 axb4 36.Ke3 b3 37.Kd3 b2 38.Rf8+ Kc7 39.Kc2 Bxg2 40.Rh8 Be4+ 
41.Kxb2 Bg6 42.Rg8 Be4 43.Rg5 Kd6 44.Rxh5 1-0

[Event "26th Rilton Cup"]
[Site "Stockholm SWE"]
[Date "1997.01.03"]
[Round "7"]
[White "Hjartarson, Johann"]
[Black "Brynell, Stellan"]
[Result "1-0"]
[WhiteElo "2565"]
[BlackElo "2445"]
[EventDate "1996.12.27"]
[PlyCount "81"]

1.e4 e6 2.d4 d5 3.Nc3 Nf6 4.Bg5 Be7 5.e5 Nfd7 6.Bxe7 Qxe7 7.f4 O-O 8.Nf3 
c5 9.Qd2 Nc6 10.dxc5 Qxc5 11.O-O-O Nb6 12.Kb1 Bd7 13.Nb5 Na4 14.Nd6 f6 15.
Be2 fxe5 16.fxe5 Nxe5 17.Nxe5 Qxd6 18.Nxd7 Qxd7 19.Rhe1 Qd6 20.Bg4 Rf6 21.
c4 Nb6 22.Qd4 Qc6 23.cxd5 exd5 24.Re7 Re8 25.Bd7 Rxe7 26.Bxc6 bxc6 27.b3 
Re4 28.Qd2 Nd7 29.Qa5 Re2 30.Rd2 Rxd2 31.Qxd2 Nc5 32.Qe3 Ne4 33.Qxa7 Rf2 
34.a4 Kf8 35.a5 c5 36.a6 Nd2+ 37.Kc1 Nxb3+ 38.Kd1 Rd2+ 39.Ke1 Rb2 40.Qb8+ 
Ke7 41.Qe5+ 1-0

[Event "26th Rilton Cup"]
[Site "Stockholm SWE"]
[Date "1997.01.03"]
[Round "7"]
[White "Manninen, Marko"]
[Black "Roenneland, Daniel"]
[Result "1-0"]
[WhiteElo "2400"]
[BlackElo "2190"]
[EventDate "1996.12.27"]
[PlyCount "81"]

1.d4 Nf6 2.c4 g6 3.g3 Bg7 4.Bg2 O-O 5.Nf3 d6 6.Nc3 Nbd7 7.O-O e5 8.e4 c6 
9.h3 Re8 10.Re1 a5 11.Rb1 exd4 12.Nxd4 Nc5 13.b3 Qe7 14.Bf4 Nfd7 15.Be3 
Nf6 16.Qc2 Nfxe4 17.Bxe4 Nxe4 18.Nxe4 Qxe4 19.Bd2 Qxe1+ 20.Rxe1 Rxe1+ 21.
Bxe1 Bxd4 22.Qe4 Be5 23.f4 Bf5 24.Qe3 Bf6 25.g4 c5 26.Bc3 Bxc3 27.Qxc3 Bd7
28.Qf6 a4 29.Qxd6 axb3 30.axb3 Bc6 31.f5 gxf5 32.gxf5 Kg7 33.Qe5+ Kh6 34.
Qf6+ Kh5 35.Qxf7+ Kh4 36.Qxh7+ Kg3 37.Qg6+ Kxh3 38.Kf2 Ra2+ 39.Ke3 Ra3 40.
f6 Rxb3+ 41.Kd2 1-0

[Event "26th Rilton Cup"]
[Site "Stockholm SWE"]
[Date "1997.01.03"]
[Round "7"]
[White "Raud, Rainek"]
[Black "Djurhuus, Rune"]
[Result "0-1"]
[WhiteElo "2365"]
[BlackElo "2505"]
[EventDate "1996.12.27"]
[PlyCount "62"]

1.e4 c5 2.Nf3 d6 3.c3 Nf6 4.Be2 Nbd7 5.d3 g6 6.Nbd2 Bg7 7.O-O O-O 8.d4 
cxd4 9.cxd4 b6 10.e5 Ne8 11.Nc4 dxe5 12.dxe5 Nc7 13.Bf4 Ne6 14.Bg3 Bb7 15.
Rc1 Rc8 16.Rc2 Rc7 17.Re1 Qc8 18.Na3 Rxc2 19.Qxc2 Qxc2 20.Nxc2 Rc8 21.Na3 
Kf8 22.Rd1 Ndc5 23.Nd4 Nxd4 24.Rxd4 Ne4 25.f4 f6 26.Be1 fxe5 27.Rd7 Bc6 
28.Rxa7 exf4 29.Bb4 Bd5 30.Rxe7 Rc1+ 31.Bf1 Bd4+ 0-1

[Event "26th Rilton Cup"]
[Site "Stockholm SWE"]
[Date "1997.01.03"]
[Round "7"]
[White "Ulybin, Mikhail"]
[Black "Degerman, Lars"]
[Result "0-1"]
[WhiteElo "2550"]
[BlackElo "2500"]
[EventDate "1996.12.27"]
[PlyCount "102"]

1.e4 c5 2.Nf3 Nc6 3.Bb5 g6 4.Bxc6 dxc6 5.d3 Bg7 6.h3 Nf6 7.Nc3 Nd7 8.Be3 
e5 9.Qd2 h6 10.O-O Qe7 11.a3 Nf8 12.Na4 Ne6 13.b4 Nd4 14.Nh2 b6 15.Rab1 
Ba6 16.f4 exf4 17.Bxf4 Ne6 18.Be3 c4 19.Nf3 cxd3 20.cxd3 Rd8 21.Nb2 g5 22.
Rfd1 O-O 23.Qc2 f5 24.exf5 Rxf5 25.Nc4 c5 26.bxc5 bxc5 27.Na5 Rdf8 28.Nh2 
Kh8 29.Re1 Qd8 30.Nc4 Qd5 31.Ng4 Bb7 32.Rxb7 Qxb7 33.Nd6 Nd4 34.Qc4 Qd7 
35.Nxf5 Qxf5 36.Nf2 h5 37.Ne4 g4 38.hxg4 hxg4 39.Ng3 Qe5 40.Ne4 Qf5 41.Ng3
Qe5 42.Kh2 Rf5 43.Bf2 Qb8 44.Qa2 Be5 45.Re4 Qf8 46.Bxd4 cxd4 47.Rxe5 Rxe5 
48.Qc4 Qh6+ 49.Kg1 Re1+ 50.Nf1 Qe3+ 51.Kh2 Qf4+ 0-1

[Event "26th Rilton Cup"]
[Site "Stockholm SWE"]
[Date "1997.01.04"]
[Round "8"]
[White "Brynell, Stellan"]
[Black "Koskinen, Henri"]
[Result "1-0"]
[WhiteElo "2445"]
[BlackElo "2245"]
[EventDate "1996.12.27"]
[PlyCount "57"]

1.e4 e5 2.Nf3 Nc6 3.Bb5 a6 4.Bxc6 dxc6 5.O-O Bd6 6.d4 exd4 7.Qxd4 f6 8.Be3
Ne7 9.Nbd2 Be6 10.Rfd1 c5 11.Qc3 b6 12.Nc4 O-O 13.Rd2 Nc8 14.e5 fxe5 15.
Ng5 Qf6 16.Ne4 Qg6 17.Ncxd6 cxd6 18.Nxd6 Qf6 19.Ne4 Qf5 20.Ng3 Qf6 21.Rad1
Rb8 22.Ne4 Qf5 23.Ng5 Ne7 24.Rd6 Bf7 25.h3 Bg6 26.R1d2 Qc8 27.Qxe5 Nf5 28.
Rd7 Qc6 29.Ne6 1-0

[Event "26th Rilton Cup"]
[Site "Stockholm SWE"]
[Date "1997.01.04"]
[Round "8"]
[White "Degerman, Lars"]
[Black "Yakovich, Yury"]
[Result "0-1"]
[WhiteElo "2500"]
[BlackElo "2530"]
[EventDate "1996.12.27"]
[PlyCount "82"]

1.e4 c5 2.Nf3 Nc6 3.Bb5 g6 4.Bxc6 bxc6 5.O-O Bg7 6.Re1 Nh6 7.c3 O-O 8.h3 
f6 9.d4 cxd4 10.cxd4 Nf7 11.Nc3 d6 12.b3 Bd7 13.Bb2 Rc8 14.Rc1 Re8 15.Qd3 
Qa5 16.Nd2 f5 17.Nc4 fxe4 18.Nxe4 Qb5 19.Nc3 Qg5 20.Ne4 Qf4 21.Ng3 Ng5 22.
Rc2 Qf7 23.Bc1 Ne6 24.Be3 Nc7 25.Rce2 Qd5 26.Qe4 Nb5 27.Rd2 Qxe4 28.Nxe4 
Bf5 29.Ng5 h6 30.Nf3 Be4 31.Nh2 d5 32.Ne5 c5 33.f3 cxd4 34.Bf4 Bc2 35.Rc1 
g5 36.Bg3 Bh7 37.Re1 Rc2 38.Rxc2 Bxc2 39.Nc6 d3 40.a4 Nd4 41.Nxd4 Bxd4+ 
0-1

[Event "26th Rilton Cup"]
[Site "Stockholm SWE"]
[Date "1997.01.04"]
[Round "8"]
[White "Djurhuus, Rune"]
[Black "Khenkin, Igor"]
[Result "1-0"]
[WhiteElo "2505"]
[BlackElo "2575"]
[EventDate "1996.12.27"]
[PlyCount "95"]

1.Nf3 Nf6 2.g3 g6 3.b3 Bg7 4.Bb2 d5 5.Bg2 c6 6.O-O a5 7.a4 O-O 8.d3 Na6 9.
Nbd2 Re8 10.Re1 Bg4 11.h3 Bxf3 12.Nxf3 Nd7 13.Bxg7 Kxg7 14.e4 dxe4 15.Rxe4
e5 16.Qe1 Nb4 17.Qc3 f5 18.Re2 Qf6 19.Rae1 e4 20.Nd4 Ne5 21.dxe4 f4 22.
gxf4 Qxf4 23.Rd2 Kg8 24.Ne2 Na2 25.Nxf4 Nxc3 26.Re3 Na2 27.Ne2 Rad8 28.
Rxd8 Rxd8 29.f4 Nf7 30.Rd3 Nb4 31.Rxd8+ Nxd8 32.c3 Nd3 33.f5 Kf7 34.Nd4 
Kf6 35.Kf1 Ke5 36.Bf3 Nc5 37.Ke2 Nxe4 38.Bxe4 Kxe4 39.Ne6 Nf7 40.fxg6 hxg6
41.Nc5+ Kd5 42.Nxb7 Ng5 43.h4 Ne4 44.c4+ Kd4 45.Nxa5 Kc5 46.Nb7+ Kb6 47.
Ke3 Ng3 48.Nd6 1-0

[Event "26th Rilton Cup"]
[Site "Stockholm SWE"]
[Date "1997.01.04"]
[Round "8"]
[White "Engqvist, Thomas"]
[Black "Kaellgren, Mikael"]
[Result "1-0"]
[WhiteElo "2375"]
[BlackElo "2110"]
[EventDate "1996.12.27"]
[PlyCount "55"]

1.d4 Nf6 2.Nf3 c5 3.d5 b5 4.Bg5 Qb6 5.c3 g6 6.Bxf6 Qxf6 7.e4 b4 8.e5 Qf4 
9.Nbd2 Bg7 10.g3 Qf5 11.Nc4 Qe4+ 12.Qe2 Qxd5 13.Rd1 Qe6 14.Ng5 Qf5 15.f4 
Bxe5 16.Nxe5 O-O 17.Bh3 Qf6 18.Ng4 Qg7 19.Qxe7 Bb7 20.O-O f6 21.Qxg7+ Kxg7
22.Nf3 Re8 23.Rd6 Re6 24.Rxe6 dxe6 25.Bg2 Na6 26.Rd1 Bd5 27.c4 Bc6 28.Ng5 
1-0

[Event "26th Rilton Cup"]
[Site "Stockholm SWE"]
[Date "1997.01.04"]
[Round "8"]
[White "Gretarsson, Helgi Ass"]
[Black "Burwick, Malte"]
[Result "1-0"]
[WhiteElo "2465"]
[BlackElo "2245"]
[EventDate "1996.12.27"]
[PlyCount "81"]

1.d4 Nf6 2.c4 d6 3.Nc3 e5 4.dxe5 dxe5 5.Qxd8+ Kxd8 6.Bg5 c6 7.O-O-O+ Nd7 
8.Bxf6+ gxf6 9.g3 Kc7 10.Bh3 Nb6 11.Bxc8 Rxc8 12.b3 Ba3+ 13.Kc2 Rcd8 14.
Nf3 a5 15.Nh4 a4 16.Ne4 axb3+ 17.axb3 Rxd1 18.Rxd1 Nd7 19.Nf5 h5 20.h4 Bb4
21.f3 Ra8 22.Kb2 Ba3+ 23.Kb1 Nc5 24.Nxf6 Nxb3 25.Nxh5 Na5 26.Nf6 Nxc4 27.
Rd7+ Kb6 28.h5 Bb2 29.Ne4 Ra1+ 30.Kc2 Rc1+ 31.Kb3 Ba1 32.h6 Na5+ 33.Ka2 
Rh1 34.Nh4 Bd4 35.Rxd4 exd4 36.h7 f5 37.h8=Q fxe4 38.Qxd4+ Ka6 39.Qxe4 Rd1
40.Kb2 b5 41.Nf5 1-0

[Event "26th Rilton Cup"]
[Site "Stockholm SWE"]
[Date "1997.01.04"]
[Round "8"]
[White "Hector, Jonny"]
[Black "Antonsen, Mikkel"]
[Result "1-0"]
[WhiteElo "2525"]
[BlackElo "2410"]
[EventDate "1996.12.27"]
[PlyCount "79"]

1.Nc3 d5 2.d4 e6 3.Nf3 Nf6 4.Bg5 h6 5.Bxf6 Qxf6 6.e4 Bb4 7.Bd3 dxe4 8.Bxe4
c5 9.Qd3 O-O 10.a3 Ba5 11.dxc5 Rd8 12.Qe3 Bxc3+ 13.bxc3 Nc6 14.O-O Bd7 15.
Rab1 Rab8 16.Rfd1 Be8 17.Rd6 Rdc8 18.Rbd1 Kh8 19.Bxc6 Rxc6 20.Ne5 Rc7 21.
Qd4 Rbc8 22.Nd3 Bb5 23.c4 Qxd4 24.Rxd4 Ba4 25.Rd2 g5 26.f4 gxf4 27.Rxf4 
Rd8 28.Rf3 Rd4 29.Rdf2 Be8 30.Rh3 Kg7 31.Rg3+ Kf8 32.Rg6 Ke7 33.Rxh6 Rxc4 
34.h4 Rc3 35.Rh8 Rxa3 36.h5 Ra4 37.h6 Rh4 38.g3 Rg4 39.Rxe8+ Kxe8 40.h7 
1-0

[Event "26th Rilton Cup"]
[Site "Stockholm SWE"]
[Date "1997.01.04"]
[Round "8"]
[White "Hillarp Persson, Tiger"]
[Black "Solin, Niclas"]
[Result "0-1"]
[WhiteElo "2400"]
[BlackElo "2250"]
[EventDate "1996.12.27"]
[PlyCount "90"]

1.d4 Nf6 2.c4 e6 3.Nf3 b6 4.Nc3 Bb7 5.g3 Bb4 6.Qb3 c5 7.a3 Bxc3+ 8.Qxc3 
cxd4 9.Qxd4 d5 10.cxd5 Bxd5 11.Bg2 Nbd7 12.b4 O-O 13.O-O Rc8 14.Bf4 Rc4 
15.Qb2 Qa8 16.Rfc1 Rfc8 17.Rxc4 Rxc4 18.Rc1 Rxc1+ 19.Qxc1 Qc6 20.Qxc6 Bxc6
21.Bf1 Bxf3 22.exf3 Nd5 23.Bd6 f5 24.Bb5 N7f6 25.Kf1 Kf7 26.Bc6 Ne8 27.Be5
a6 28.Bxe8+ Kxe8 29.Bxg7 Kd7 30.Ke2 Kc6 31.Kd3 Kb5 32.Bb2 Ka4 33.Bc1 Kb3 
34.g4 Ne7 35.h4 Ng6 36.Kd4 Nxh4 37.Ke3 Ng6 38.g5 Kc2 39.Bd2 Ne5 40.Be1 Nd3
41.Bd2 f4+ 42.Ke2 e5 43.a4 b5 44.a5 Nb2 45.Be1 Na4 0-1

[Event "26th Rilton Cup"]
[Site "Stockholm SWE"]
[Date "1997.01.04"]
[Round "8"]
[White "Schandorff, Lars"]
[Black "Johansson, Jan"]
[Result "1-0"]
[WhiteElo "2495"]
[BlackElo "2365"]
[EventDate "1996.12.27"]
[PlyCount "73"]

1.d4 Nf6 2.c4 e6 3.Nc3 Bb4 4.Qc2 O-O 5.a3 Bxc3+ 6.Qxc3 b6 7.Nf3 d6 8.e3 
Bb7 9.Be2 Nbd7 10.O-O Ne4 11.Qc2 f5 12.b4 Rf6 13.d5 Rh6 14.dxe6 Nf8 15.c5 
Nxe6 16.c6 Bc8 17.Bb2 Qe8 18.Nd2 N6g5 19.Nxe4 fxe4 20.Qc3 Qe7 21.f4 exf3 
22.Bxf3 Be6 23.Be2 Kh8 24.Qd4 Rg8 25.Rf4 Nf7 26.Raf1 Ne5 27.Qe4 Ng6 28.Rf6
Re8 29.Qd4 Rg8 30.Qe4 Re8 31.g3 d5 32.Qd4 Rg8 33.R6f2 Qe8 34.b5 Qe7 35.Bd3
Qe8 36.Bc2 Bc8 37.Rf7 1-0

[Event "26th Rilton Cup"]
[Site "Stockholm SWE"]
[Date "1997.01.04"]
[Round "8"]
[White "Stefansson, Hannes Hlifar"]
[Black "Boerge, Nikolaj"]
[Result "1/2-1/2"]
[WhiteElo "2560"]
[BlackElo "2455"]
[EventDate "1996.12.27"]
[PlyCount "95"]

1.c4 Nf6 2.Nc3 g6 3.e4 d6 4.d4 Bg7 5.f3 O-O 6.Be3 e5 7.Nge2 c6 8.d5 cxd5 
9.cxd5 a6 10.Qd2 Nbd7 11.g4 h5 12.g5 Nh7 13.Rg1 b5 14.Nc1 Nb6 15.b3 Bd7 
16.a3 Qb8 17.N1a2 Nc8 18.Be2 Ne7 19.Kf2 f5 20.gxf6 Bxf6 21.Kg2 Kh8 22.Kh1 
Rg8 23.Nb4 g5 24.a4 g4 25.axb5 axb5 26.Rxa8 Qxa8 27.fxg4 Qa5 28.Nd3 b4 29.
Nd1 Nxd5 30.exd5 Qxd5+ 31.Rg2 Bc6 32.Bf1 Qxb3 33.Nxb4 Bxg2+ 34.Bxg2 Rxg4 
35.Nc6 Rxg2 36.Kxg2 Qg8+ 37.Kf1 Qc4+ 38.Qe2 Qxc6 39.Qxh5 Qc4+ 40.Kf2 Qh4+ 
41.Qxh4 Bxh4+ 42.Kf3 Nf6 43.Ba7 Kg7 44.Bb8 Ne8 45.Ke4 Be7 46.Ne3 Kf7 47.
Nc4 Ke6 48.Nxe5 1/2-1/2

[Event "26th Rilton Cup"]
[Site "Stockholm SWE"]
[Date "1997.01.04"]
[Round "8"]
[White "Taimanov, Mark"]
[Black "Hjartarson, Johann"]
[Result "0-1"]
[WhiteElo "2470"]
[BlackElo "2565"]
[EventDate "1996.12.27"]
[PlyCount "88"]

1.Nf3 c5 2.e3 Nf6 3.b3 d5 4.Bb2 e6 5.c4 dxc4 6.Bxc4 a6 7.O-O Nbd7 8.d4 b5 
9.Be2 Bb7 10.a4 b4 11.Nbd2 Be7 12.Nc4 O-O 13.Rc1 Qb8 14.Nfe5 Rd8 15.Bh5 
Nxe5 16.Nxe5 g6 17.Bf3 Nd5 18.Bxd5 Rxd5 19.e4 Rd8 20.Qf3 f6 21.Ng4 f5 22.
Nh6+ Kf8 23.dxc5 Bxe4 24.Qh3 Rd3 25.g3 Qf4 26.Rc4 Qf3 27.Rxe4 Qxe4 28.c6 
Rc8 29.Nf7 h5 30.Ne5 h4 31.Nxd3 Qxd3 32.Qg2 Qxb3 33.c7 Rxc7 34.Qa8+ Kf7 
35.Qh8 Qd5 36.Qg7+ Ke8 37.Qxg6+ Kd7 38.Qh5 Kc8 39.Rd1 Qe4 40.a5 Kb7 41.Rd4
Qb1+ 42.Kg2 h3+ 43.Qxh3 Qxb2 44.Rf4 Qa2 0-1

[Event "26th Rilton Cup"]
[Site "Stockholm SWE"]
[Date "1997.01.04"]
[Round "8"]
[White "Tairi, Faruk"]
[Black "Aakesson, Ralf"]
[Result "0-1"]
[WhiteElo "2265"]
[BlackElo "2500"]
[EventDate "1996.12.27"]
[PlyCount "60"]

1.e4 c5 2.Nf3 e6 3.d4 cxd4 4.Nxd4 a6 5.Bd3 Nf6 6.O-O Qc7 7.Nc3 d6 8.Be3 
Be7 9.f4 Nbd7 10.Qf3 b5 11.a3 Bb7 12.Rae1 Rc8 13.Qg3 O-O 14.Nf3 Nc5 15.Bd4
g6 16.f5 e5 17.Be3 d5 18.Bxc5 Qxc5+ 19.Kh1 dxe4 20.Nxe4 Nxe4 21.Bxe4 Bxe4 
22.Rxe4 Qxc2 23.Qxe5 Bf6 24.Qf4 Bxb2 25.Rfe1 Bc3 26.Rf1 Bb2 27.h4 Bc1 28.
Qe5 Rc5 29.Re2 Qc4 30.Qe7 Rxf5 0-1

[Event "26th Rilton Cup"]
[Site "Stockholm SWE"]
[Date "1997.01.04"]
[Round "8"]
[White "Tisdall, Jonathan"]
[Black "Elsness, Frode"]
[Result "1/2-1/2"]
[WhiteElo "2515"]
[BlackElo "2350"]
[EventDate "1996.12.27"]
[PlyCount "62"]

1.d4 Nf6 2.c4 g6 3.Nc3 d5 4.Bf4 Bg7 5.Rc1 Nh5 6.Bg5 h6 7.Bh4 c5 8.e3 cxd4 
9.exd4 Nc6 10.Nf3 dxc4 11.Bxc4 g5 12.d5 gxh4 13.dxc6 Qxd1+ 14.Nxd1 h3 15.
Bb5 O-O 16.g3 bxc6 17.Bxc6 Rb8 18.Rc5 Rb6 19.Bb5 Nf6 20.Be2 Bb7 21.O-O Rc8
22.Rxc8+ Bxc8 23.Ne5 Be6 24.Nc4 Rc6 25.Nde3 Nd5 26.Nxd5 Bxd5 27.b3 Re6 28.
Bg4 Bxc4 29.bxc4 Re4 30.Bxh3 Rxc4 31.Rd1 Bf6 1/2-1/2

[Event "26th Rilton Cup"]
[Site "Stockholm SWE"]
[Date "1997.01.04"]
[Round "8"]
[White "Ulybin, Mikhail"]
[Black "Aastroem, Robert"]
[Result "1-0"]
[WhiteElo "2550"]
[BlackElo "2425"]
[EventDate "1996.12.27"]
[PlyCount "85"]

1.d4 Nf6 2.c4 e6 3.g3 c5 4.d5 exd5 5.cxd5 d6 6.Nc3 g6 7.Bg2 Bg7 8.Nf3 O-O 
9.O-O a6 10.a4 Re8 11.Bf4 Nh5 12.Bg5 Qc7 13.Qc1 Nd7 14.Bh6 Bh8 15.Ng5 c4 
16.g4 Nhf6 17.h3 Ne5 18.Qf4 Qe7 19.Nf3 Nfd7 20.Nd2 f6 21.Qe3 g5 22.f4 Nf7 
23.Qxe7 Rxe7 24.fxg5 fxg5 25.Rxf7 Kxf7 26.Bxg5 Bd4+ 27.Kh1 Nf6 28.Nxc4 Kg6
29.Bh4 h5 30.gxh5+ Kxh5 31.Bxf6 Bxf6 32.Nxd6 Bd7 33.Nxb7 Re3 34.Bf3+ Kh4 
35.Nd1 Re5 36.Rc1 Rh8 37.Rc4+ Kg3 38.Kg1 Bxh3 39.Nd6 Rg8 40.Ne4+ Rxe4 41.
Rxe4 Rc8 42.Bg2 Bg4 43.Ne3 1-0

[Event "26th Rilton Cup"]
[Site "Stockholm SWE"]
[Date "1997.01.04"]
[Round "8"]
[White "Wieweg, Johnny"]
[Black "Vihinen, Teemu"]
[Result "1-0"]
[WhiteElo "2270"]
[BlackElo "2145"]
[EventDate "1996.12.27"]
[PlyCount "79"]

1.e4 e6 2.d4 d5 3.e5 c5 4.c3 Qb6 5.Nf3 Bd7 6.Be2 cxd4 7.cxd4 Bb5 8.O-O 
Bxe2 9.Qxe2 Ne7 10.Nc3 Nec6 11.Be3 Nd7 12.Rac1 g6 13.Na4 Qb4 14.b3 Bg7 15.
Nc5 Nxc5 16.Rxc5 O-O 17.Rfc1 a6 18.h4 Rfc8 19.h5 Qb6 20.hxg6 hxg6 21.Bg5 
Qc7 22.Qe3 Kh7 23.g4 Rh8 24.Kg2 Kg8 25.Re1 Kf8 26.Rcc1 Ke8 27.Bf6 Bxf6 28.
exf6 Qd6 29.Ne5 Nxe5 30.dxe5 Qb4 31.f3 Kd7 32.Rh1 Rac8 33.Rxh8 Rxh8 34.a3 
Qa5 35.b4 Qb5 36.Rc5 Qa4 37.Qc1 Rd8 38.Rc7+ Ke8 39.Re7+ Kf8 40.Qh6+ 1-0

[Event "26th Rilton Cup"]
[Site "Stockholm SWE"]
[Date "1997.01.05"]
[Round "9"]
[White "Agrest, Evgenij"]
[Black "Tisdall, Jonathan"]
[Result "1-0"]
[WhiteElo "2475"]
[BlackElo "2515"]
[EventDate "1996.12.27"]
[PlyCount "69"]

1.c4 c5 2.Nf3 g6 3.d4 Bg7 4.e4 cxd4 5.Nxd4 Nc6 6.Be3 Nf6 7.Nc3 Ng4 8.Qxg4 
Nxd4 9.Qd1 Ne6 10.Qd2 b6 11.Be2 Bb7 12.f3 O-O 13.Rd1 Bc6 14.O-O f5 15.exf5
gxf5 16.f4 Nc5 17.Bd4 Bxd4+ 18.Qxd4 a5 19.Bf3 Rc8 20.Rde1 e6 21.Re3 Qf6 
22.Qxf6 Rxf6 23.b3 Rg6 24.Rd1 Kf7 25.Bh5 Kf6 26.Bxg6 hxg6 27.Rh3 Rb8 28.
Ne2 Be4 29.Nd4 d5 30.Nc6 Rg8 31.Ne5 g5 32.Rh6+ Ke7 33.Rh7+ Kf8 34.Rf7+ Ke8
35.Rc7 1-0

[Event "26th Rilton Cup"]
[Site "Stockholm SWE"]
[Date "1997.01.05"]
[Round "9"]
[White "Antonsen, Mikkel"]
[Black "Kallio, Heikki"]
[Result "1-0"]
[WhiteElo "2410"]
[BlackElo "2140"]
[EventDate "1996.12.27"]
[PlyCount "44"]

1.d4 Nf6 2.c4 e6 3.Nc3 Bb4 4.Qc2 c5 5.dxc5 Bxc5 6.Nf3 Nc6 7.Bg5 a6 8.e3 h6
9.Bh4 O-O 10.Be2 Be7 11.O-O d6 12.Rfd1 Qc7 13.Rd2 Nb8 14.Rad1 Nbd7 15.Bg3 
e5 16.b4 b6 17.Nh4 g6 18.Nxg6 fxg6 19.Qxg6+ Kh8 20.Qxh6+ Kg8 21.c5 b5 22.
Bf3 Ra7 1-0

[Event "26th Rilton Cup"]
[Site "Stockholm SWE"]
[Date "1997.01.05"]
[Round "9"]
[White "Benjamin, Joel"]
[Black "Gleizerov, Evgeny"]
[Result "1-0"]
[WhiteElo "2565"]
[BlackElo "2545"]
[EventDate "1996.12.27"]
[PlyCount "141"]

1.Nf3 d5 2.g3 g6 3.Bg2 Bg7 4.O-O e6 5.d4 Ne7 6.Nbd2 Nbc6 7.c3 f5 8.e3 O-O 
9.c4 Qd6 10.b3 b6 11.Bb2 a5 12.a3 Ba6 13.Qc2 Rac8 14.Rfd1 h6 15.Ne1 g5 16.
Nd3 f4 17.b4 fxe3 18.fxe3 Nf5 19.Re1 dxc4 20.Nxc4 Qd7 21.Rad1 axb4 22.axb4
Bb5 23.Na3 Ncxd4 24.exd4 Ba4 25.Ne5 Bxe5 26.dxe5 Qxd1 27.Qxd1 Bxd1 28.Rxd1
Ne3 29.Re1 Nxg2 30.Kxg2 Rcd8 31.Re2 Rd1 32.Nb5 c5 33.Nc3 Rd3 34.bxc5 bxc5 
35.Ne4 Rc8 36.Rc2 c4 37.Kf2 Rb3 38.Ke2 Kg7 39.Bd4 Rc6 40.Nd6 Rb4 41.Ke3 c3
42.Bxc3 Rb1 43.Ne4 Re1+ 44.Kd3 Rd1+ 45.Nd2 Kg6 46.Rb2 Kh5 47.Rb4 Rc1 48.
Bb2 Rh1 49.Nf3 g4 50.Nd4 Ra6 51.Ne2 Rxh2 52.Bc1 Ra1 53.Rc4 Kg6 54.Rxg4+ 
Kf7 55.Rf4+ Ke7 56.Rc4 Ra5 57.Nf4 Kd7 58.Ke4 Rha2 59.Rd4+ Ke7 60.Bd2 R5a4 
61.Bb4+ Kf7 62.Kf3 R2a3+ 63.Kg2 Rb3 64.Rd7+ Kg8 65.Rd8+ Kh7 66.Be7 Ra2+ 
67.Kh3 Rf2 68.Kg4 h5+ 69.Nxh5 Kg6 70.Nf4+ Kf7 71.Rf8+ 1-0

[Event "26th Rilton Cup"]
[Site "Stockholm SWE"]
[Date "1997.01.05"]
[Round "9"]
[White "Gausel, Einar"]
[Black "Degerman, Lars"]
[Result "1/2-1/2"]
[WhiteElo "2520"]
[BlackElo "2500"]
[EventDate "1996.12.27"]
[PlyCount "107"]

1.Nf3 c5 2.c4 Nf6 3.g3 Nc6 4.Bg2 d5 5.O-O d4 6.d3 e5 7.e3 Be7 8.exd4 exd4 
9.Bg5 O-O 10.Nbd2 Bg4 11.h3 Bh5 12.a3 h6 13.Bxf6 Bxf6 14.Qb3 Qb6 15.Rfe1 
Bg6 16.Qc2 Rfe8 17.Rab1 Rxe1+ 18.Rxe1 Rd8 19.Kh2 Qc7 20.Kg1 Be7 21.Nh2 Bf5
22.h4 Be6 23.h5 Qd7 24.Qd1 Rb8 25.f4 Bd6 26.Qa4 Ne5 27.Qxd7 Nxd7 28.Ne4 
Bc7 29.a4 a6 30.Ra1 f5 31.Nd2 Ba5 32.Nhf3 Nf6 33.Re1 Re8 34.Re5 Nd7 35.Re2
Bf7 36.Rxe8+ Bxe8 37.Bh3 Nf6 38.Bxf5 Bxh5 39.Bc8 b6 40.Kf1 Ng4 41.Ne4 Ne3+
42.Ke2 Kf8 43.Bxa6 Nd1 44.b3 Nc3+ 45.Kf2 Nxe4+ 46.dxe4 d3 47.Ke3 Bxf3 48.
Kxf3 Be1 49.g4 Bg3 50.Ke3 Bxf4+ 51.Kxd3 Ke7 52.e5 Bxe5 53.Ke4 Bc3 54.Kf5 
1/2-1/2

[Event "26th Rilton Cup"]
[Site "Stockholm SWE"]
[Date "1997.01.05"]
[Round "9"]
[White "Hellers, Ferdinand"]
[Black "Schandorff, Lars"]
[Result "1-0"]
[WhiteElo "2585"]
[BlackElo "2495"]
[EventDate "1996.12.27"]
[PlyCount "81"]

1.e4 c5 2.Nf3 Nc6 3.d4 cxd4 4.Nxd4 Nf6 5.Nc3 e5 6.Ndb5 d6 7.Bg5 a6 8.Na3 
b5 9.Bxf6 gxf6 10.Nd5 Bg7 11.Bd3 Ne7 12.Nxe7 Qxe7 13.O-O O-O 14.c3 f5 15.
Nc2 Rb8 16.exf5 e4 17.Re1 d5 18.Bf1 Qe5 19.Qd2 Rb6 20.Rad1 Rd8 21.Nd4 Bh6 
22.Qe2 Qf6 23.Qh5 Kh8 24.g3 b4 25.Bg2 Bb7 26.h4 Rg8 27.g4 Bf4 28.g5 Qg7 
29.f3 e3 30.Qg4 Bd6 31.Rxe3 bxc3 32.bxc3 Rb2 33.Rde1 Qf8 34.f6 Bc8 35.Qh5 
Bd7 36.f4 Bc5 37.Re7 Bf5 38.Rxf7 Qd6 39.Qf3 Qb6 40.Qe3 Bg6 41.Rd7 1-0

[Event "26th Rilton Cup"]
[Site "Stockholm SWE"]
[Date "1997.01.05"]
[Round "9"]
[White "Holving, Rasmus"]
[Black "Evertsson, Kristian"]
[Result "1-0"]
[WhiteElo "2170"]
[BlackElo "2020"]
[EventDate "1996.12.27"]
[PlyCount "25"]

1.e4 e5 2.Nc3 Bc5 3.Bc4 b5 4.Nxb5 Qh4 5.Qf3 Kd8 6.d4 Bxd4 7.Nh3 f6 8.Bg5 
Bxf2+ 9.Ke2 Nh6 10.Bxh4 Bxh4 11.Rad1 d6 12.Nf2 Bxf2 13.Kxf2 1-0

[Event "26th Rilton Cup"]
[Site "Stockholm SWE"]
[Date "1997.01.05"]
[Round "9"]
[White "Johansson, Jan"]
[Black "Rosen, Peter"]
[Result "1-0"]
[BlackElo "1998"]
[WhiteElo "2365"]
[EventDate "1996.12.27"]
[PlyCount "77"]

1.e4 e6 2.d4 d5 3.e5 c5 4.c3 Nc6 5.Nf3 Qb6 6.a3 c4 7.Nbd2 Na5 8.Be2 Bd7 9.
O-O f5 10.exf6 gxf6 11.Re1 Bd6 12.Rb1 O-O-O 13.b3 cxb3 14.c4 Ba4 15.Bf1 
Qc6 16.Qe2 Re8 17.c5 Bc7 18.Bb2 Nh6 19.Bc3 Rhg8 20.Rec1 Nf5 21.Bxa5 Bxa5 
22.Nxb3 Bc7 23.Qd2 Qd7 24.Na5 Bc6 25.Qb4 Kd8 26.Nxb7+ Ke7 27.Na5 Bxa5 28.
Qxa5 Rb8 29.Bd3 Rxb1 30.Bxb1 Rb8 31.Bxf5 exf5 32.Qd2 Kd8 33.Qh6 Qf7 34.Nh4
Rb3 35.Nxf5 Rxa3 36.Rb1 Bd7 37.Rb8+ Bc8 38.g3 Qe6 39.Nd6 1-0

[Event "26th Rilton Cup"]
[Site "Stockholm SWE"]
[Date "1997.01.05"]
[Round "9"]
[White "Khenkin, Igor"]
[Black "Manninen, Marko"]
[Result "1-0"]
[WhiteElo "2575"]
[BlackElo "2400"]
[EventDate "1996.12.27"]
[PlyCount "57"]

1.d4 Nf6 2.c4 g6 3.Nc3 Bg7 4.e4 d6 5.f3 O-O 6.Nge2 c5 7.Be3 Nbd7 8.d5 Ne5 
9.Ng3 e6 10.Be2 exd5 11.cxd5 b5 12.Nxb5 Rb8 13.Qd2 Ba6 14.a4 Ne8 15.Bg5 f6
16.Be3 f5 17.O-O Qd7 18.exf5 gxf5 19.Nh5 Ng6 20.Nxg7 Nxg7 21.Bh6 Rfe8 22.
Rfe1 Re5 23.f4 Ree8 24.Bd3 Nh5 25.Rxe8+ Rxe8 26.Bxf5 Qxf5 27.Nxd6 Qd7 28.
Nxe8 Qxe8 29.f5 1-0